Entre el pasado y el futuro /
محفوظ في:
| المؤلف الرئيسي: | |
|---|---|
| التنسيق: | غير معروف |
| اللغة: | Spanish |
| منشور في: |
San José, Costa Rica :
Editorial Costa Rica,
1985.
|
| الموضوعات: | |
| الوسوم: |
إضافة وسم
لا توجد وسوم, كن أول من يضع وسما على هذه التسجيلة!
|
MARC
| LEADER | 000000000a22000000004500 | ||
|---|---|---|---|
| 001 | 005856 | ||
| 020 | |a 9977232202 | ||
| 041 | 0 | |a spa | |
| 082 | 0 | 4 | |a 572.7 |b F386e |
| 100 | 1 | |a Ferero Acosta, Luis | |
| 245 | 1 | 0 | |a Entre el pasado y el futuro / |c Luis Ferero Acosta. |
| 260 | 1 | |a San José, Costa Rica : |b Editorial Costa Rica, |c 1985. | |
| 650 | 4 | |a ANTROPOLOGIA | |
| 650 | 4 | |a INDIGENISMO | |
| 650 | 4 | |a INDIOS DE COSTA RICA | |
| 650 | 4 | |a VIDA SOCIAL Y COSTUMBRES | |
| 650 | 4 | |a COSTA RICA | |
| 650 | 4 | |a HISTORIA | |
| 650 | 4 | |a DESCUBRIMIENTOS Y EXPLORACIONES | |
| 999 | |c 11793 |d 11793 | ||
| 942 | |c BK |h 572.7 F386e |2 z | ||



